| 000 | 00935nam a2200277 i 4500 | ||
|---|---|---|---|
| 003 | DO-SdBNP | ||
| 005 | 20251016144125.0 | ||
| 007 | ta | ||
| 008 | 251016b2007 dr ||||| |||| 00| 0 spa d | ||
| 040 |
_aDO-SdBNP _bspa _cBNPHU _erda |
||
| 041 | _aspa | ||
| 082 | 4 |
_axxx _bxxx _222 |
|
| 100 |
_aHernández Rueda, Lupo, _d1930-2017 _eautor _4aut. _923790 |
||
| 245 | 1 | 0 |
_aSobre poesía y poetas dominicanos / _cLupo Hernández Rueda ; coordinación editorial, Cayo Claudio Espinal |
| 264 | 1 |
_aSanto Domingo : _bSEESCyT, _c2007. |
|
| 300 |
_a353 páginas ; _c23 cm. |
||
| 336 |
_atexto _btxt _2rdacontent |
||
| 337 |
_asin mediación _bn _2rdamedia |
||
| 338 |
_avolumen _bnc _2rdacarrier |
||
| 490 | 0 | _aColección Humanidades | |
| 500 | _aIncluye datos biográficos del autor en las solapas | ||
| 590 | _aInventariado, 2025/BT | ||
| 700 |
_aEspinal, Cayo Claudio, _ecoordinador _4coord. _940395 |
||
| 910 | _aBtavárez | ||
| 942 |
_2ddc _cLBS1 |
||
| 999 |
_c59973 _d59973 |
||